LEADER 00715nam0-22002411i-450- 001 990002651240403321 035 $a000265124 035 $aFED01000265124 035 $a(Aleph)000265124FED01 035 $a000265124 100 $a20000920d1962----km-y0itay50------ba 101 0 $aENG 200 1 $aHuman Relations In Management.A BehavioralScience Approach$fby Scott W.G. 210 $aHomewood (Illinois)$cIrwin$d1962 700 1$aScott,$bWalter Giorgio$089311 801 0$aIT$bUNINA$gRICA$2UNIMARC 901 $aBK 912 $a990002651240403321 952 $a1-8-61-TI$bs.i.$fECA 959 $aECA 996 $aHuman Relations In Management.A BehavioralScience Approach$9430801 997 $aUNINA DB $aING01 LEADER 01147nam0-22003731i-450- 001 990000810650403321 005 20001010 010 $a88-7075-479-0 035 $a000081065 035 $aFED01000081065 035 $a(Aleph)000081065FED01 035 $a000081065 100 $a20001010d--------km-y0itay50------ba 101 0 $aita 105 $ay-------001yy 200 1 $a<>ufficio stampa e pubblicità$einformazione e promozione editoriale nei processi della comunicazione$fSettimioPaolo Cavalli, Paolo Pivetti 210 $aMilano$cEditrice Bibliografica$d[1997] 215 $a206 p.$cill.$d24 cm 225 1 $a<>mestieri del libro$v12 610 0 $aPUBBLICITA' 610 0 $aCOMUNICAZIONE$acanali 610 0 $aCOMUNICAZIONE$alinguaggi 610 0 $aCANALI DELLA COMUNICAZIONE 610 0 $aEDITORIA$aprodotti 700 1$aCavalli,$bSettimio Paolo$039928 702 1$aPivetti,$bPaolo 801 0$aIT$bUNINA$gRICA$2UNIMARC 901 $aBK 912 $a990000810650403321 952 $aBIBL B 264$b8750$fFARBC 959 $aFARBC 996 $aUfficio stampa e pubblicità$9352121 997 $aUNINA DB $aING01 LEADER 01301nam--2200421---450- 001 990003353360203316 005 20091126122232.0 010 $a0-8371-7969-6 035 $a000335336 035 $aUSA01000335336 035 $a(ALEPH)000335336USA01 035 $a000335336 100 $a20091126d1975----km-y0itay50------ba 101 $aeng 102 $aUS 105 $a||||||||001yy 200 1 $a<> language of politics in the age of Wilkes and Burke$fby James T. Boulton 210 $aWestport, Conn.$cGreenwood press$d1975 215 $aXIII, 282 p.$d22 cm 225 2 $aStudies in political history 300 $aRipr. facs. dell'ed.: Londra : Routledge & K. Paul, 1963 410 0$12001$aStudies in political history 454 1$12001 461 1$1001-------$12001 600 $aWilkes, John 600 $aBurke, Edmund 606 0 $aScienza politica$xStoria$yGran Bretagna$z18. sec. 676 $a320.9 700 1$aBOULTON,$bJames T.$0168847 801 0$aIT$bsalbc$gISBD 912 $a990003353360203316 951 $aII.2.B.482$b5346 DSLL 959 $aBK 969 $aDSLL 979 $aDSLL$b90$c20091126$lUSA01$h1222 979 $aPATRY$b90$c20100831$lUSA01$h1104 996 $aLanguage of politics in the age of Wilkes and Burke$91124190 997 $aUNISA LEADER 03878nam 2200565 450 001 9910799000703321 005 20230808200048.0 010 $a3-11-049080-3 024 7 $a10.1515/9783110493139 035 $a(CKB)3710000000908418 035 $a(MiAaPQ)EBC4718432 035 $a(DE-B1597)469227 035 $a(OCoLC)961064043 035 $a(DE-B1597)9783110493139 035 $a(Au-PeEL)EBL4718432 035 $a(CaPaEBR)ebr11283258 035 $a(CaONFJC)MIL964193 035 $a(EXLCZ)993710000000908418 100 $a20161025h20162016 uy 0 101 0 $ager 135 $aurcnu|||||||| 181 $2rdacontent 182 $2rdamedia 183 $2rdacarrier 200 14$aDie Mu?nchner schriftstellerin Carry Brachvogel $eliteratin, salondame, frauenrechtlerin /$fJudith Ritter 210 1$aBerlin, [Germany] ;$aBoston, [Massachusetts] :$cDe Gruyter Oldenbourg,$d2016. 210 4$d©2016 215 $a1 online resource (204 pages) 225 1 $aStudien zur Ju?dischen Geschichte und Kultur in Bayern,$x2190-2070 ;$vBand 12 311 $a3-11-049313-6 311 $a3-11-049064-1 320 $aIncludes bibliographical references and index. 327 $tFrontmatter -- $tInhalt -- $tVorwort -- $t1. Einleitung -- $t2. Weiblich, jüdisch, bürgerlich: Emanzipation in Kaiserreich und Weimarer Republik im Vergleich -- $t3. Von Franken über Südamerika nach München: Eine Familiengeschichte -- $t4. Selbstverständnis und Zugehörigkeiten: Judentum, Heimat? verbundenheit und politische Einstellung bei Carry Brachvogel -- $t5. Die Rolle der Frau -- $t6. Bildung und Beruf -- $t7. ?Ewiger Jude? und ?ewiges Weib?: Literarische Motive in der Erzählung ?Götter a. D.? -- $t8. Fazit -- $tNachwort -- $tAnhang 330 $aAls kulturelle Größe Münchens führte die einst berühmte Autorin Carry Brachvogel (1864?1942 in Theresienstadt) in Zeiten großer Umbrüche emanzipiert und erfolgreich das Leben einer Vorreiterin: berufstätig, bewusst alleinerziehend, jüdisch. Brachvogel trug als Gründerin und tragende Figur des Münchner Schriftstellerinnenvereins maßgeblich dazu bei, der Autorentätigkeit auch als Frauenberuf Anerkennung zu verschaffen. Ihr literarischer Salon in Schwabing erlangte mit Gästen wie Rainer Maria Rilke oder Lou-Andreas Salomé weit über die Stadtgrenzen hinaus Bekanntheit. Mit dem erzwungenen Rückzug ins Private und dem Publikationsverbot für Juden ab 1933 gerieten Carry Brachvogel und ihr Werk in Vergessenheit. Erst in den letzten Jahren werden ihre Romane und Erzählungen wiederentdeckt und neu veröffentlicht. Die Historikerin Judith Ritter widmet sich Leben, Werk und Identität dieser modernen Schriftstellerin, die die Frauen schon 1911 zur Selbstbestimmung ermutigte: ?Modern sein heißt für die Frau, ein eigenes Gesetz in der Brust tragen.? 330 $aThe once famous author Carry Brachvogel (1864?1942) led the life of a successful and emancipated pioneer among the cultural greats of Munich during a period of great upheaval ? she was employed, a single mother, and Jewish. Historian Judith Ritter presents the life, work, and identity of this modern female writer, who was already promoting women?s self-determination in 1911: "For a woman, to be modern means following your own personal law." 410 0$aStudien zur ju?dischen Geschichte und Kultur in Bayern ;$vBand 12. 606 $aGerman literature$xWomen authors 610 $aJewish literature. 610 $aMunich. 610 $aWomen's rights. 615 0$aGerman literature$xWomen authors. 676 $a808.80352042 700 $aRitter$b Judith$01520771 801 0$bMiAaPQ 801 1$bMiAaPQ 801 2$bMiAaPQ 906 $aBOOK 912 $a9910799000703321 996 $aDie Mu?nchner schriftstellerin Carry Brachvogel$93759539 997 $aUNINA